[Event "Catalunya-chT Gp1"]
[Site "Barcelona"]
[Date "2024.01.20"]
[Round "1.6"]
[White "Bofill Mas, Alejandro"]
[Black "Leiro Giralt, Daniel"]
[Result "1-0"]
[WhiteElo "2274"]
[BlackElo "2152"]
[PlyCount "48"]
[EventDate "2024.01.20"]
[EventType "team-tourn"]
[EventRounds "7"]
[EventCountry "ESP"]
[SourceTitle "CB06_2024"]
[SourceDate "2024.02.07"]
[SourceVersion "1"]
[SourceVersionDate "2024.02.07"]
[SourceQuality "1"]
[WhiteTeam "Colon Sabadell"]
[BlackTeam "Tres Peons"]
[WhiteTeamCountry "ESP"]
[BlackTeamCountry "ESP"]

1. c4 e6 2. Nf3 d5 3. g3 Nf6 4. b3 Bd6 5. Bb2 0-0 6. Bg2 b6 7. 0-0 Bb7 8. e3 Nbd7 9. Nc3 a6 10. d4 Rb8 11. Qc2 Qe7 12. Rfd1 Rfc8 13. Rac1 c5 14. cxd5 cxd4 15. dxe6 dxc3 16. exd7 Nxd7 17. Bxc3 Ba3 18. Qf5 Nf8 19. Be5 Rxc1 20. Rxc1 Bxc1 21. Bxb8 Qd8 22. Ne5 Bxg2 23. Qxf7+ Kh8 24. Qc4 Bd5 1-0

[Event "Catalunya-chT Gp2"]
[Site "Barcelona"]
[Date "2022.02.19"]
[Round "5.5"]
[White "Leiro Giralt, Daniel"]
[Black "Banos, Oscar Francisco"]
[Result "1/2-1/2"]
[WhiteElo "2188"]
[BlackElo "2173"]
[PlyCount "21"]
[EventDate "2022.01.22"]
[EventType "team-tourn"]
[EventRounds "9"]
[EventCountry "ESP"]
[SourceTitle "CBM 208 Extra"]
[Source "ChessBase"]
[SourceDate "2022.07.31"]
[SourceVersion "1"]
[SourceVersionDate "2022.07.31"]
[SourceQuality "1"]
[WhiteTeam "Tres Peons"]
[BlackTeam "Figueres"]
[WhiteTeamCountry "ESP"]
[BlackTeamCountry "ESP"]

1. e4 c5 2. Nc3 Nc6 3. Nge2 e5 4. Nd5 Nce7 5. Nec3 Nxd5 6. Nxd5 Nf6 7. Nxf6+ Qxf6 8. Bc4 Qg6 9. Qf3 Be7 10. d3 0-0 11. Qg3 1/2-1/2

[Event "Andorra op 37th"]
[Site "Escaldes"]
[Date "2019.07.30"]
[Round "4"]
[White "Henderson de la Fuente, Lance"]
[Black "Leiro Giralt, Daniel"]
[Result "1/2-1/2"]
[WhiteElo "2471"]
[BlackElo "2189"]
[PlyCount "71"]
[EventDate "2019.07.27"]
[EventType "swiss"]
[EventRounds "9"]
[EventCountry "AND"]
[SourceTitle "CBM 191 Extra"]
[Source "ChessBase"]
[SourceDate "2019.09.30"]
[SourceVersion "1"]
[SourceVersionDate "2019.09.30"]
[SourceQuality "1"]

1. e4 e5 2. Nf3 Nf6 3. d4 Nxe4 4. Bd3 Nc6 5. Nxe5 Nc5 6. Bc4 Nxe5 7. dxe5 d6 8. 0-0 Be6 9. Bxe6 Nxe6 10. Qf3 Qc8 11. Bf4 dxe5 12. Bxe5 Be7 13. Nc3 0-0 14. Nd5 Re8 15. Qg3 c6 16. Nxe7+ Rxe7 17. f4 f5 18. Rfe1 Nc5 19. Qh4 Rf7 20. Re3 Qe6 21. Rae1 Ne4 22. g4 Qg6 23. h3 Rd7 24. Kh2 Rd2+ 25. R1e2 Rxe2+ 26. Rxe2 fxg4 27. Qxg4 Nf6 28. Qf3 Qf7 29. Rg2 Rd8 30. b3 Rd7 31. c4 Qe6 32. Qc3 Kh8 33. Qe3 a6 34. Qa7 h6 35. Qe3 Kh7 36. Rd2 1/2-1/2

[Event "Catalunya-chT Gp2"]
[Site "Barcelona"]
[Date "2019.02.16"]
[Round "5.6"]
[White "Leiro Giralt, Daniel"]
[Black "Hernando Rodrigo, Julio Antonio"]
[Result "1-0"]
[WhiteElo "2174"]
[BlackElo "2308"]
[PlyCount "81"]
[EventDate "2019.01.19"]
[EventType "team-tourn"]
[EventRounds "7"]
[EventCountry "ESP"]
[SourceTitle "CBM 189 Extra"]
[Source "ChessBase"]
[SourceDate "2019.06.03"]
[SourceVersion "1"]
[SourceVersionDate "2019.06.03"]
[SourceQuality "1"]
[WhiteTeam "Tres Peons"]
[BlackTeam "Barcelona Escola Escacs"]
[WhiteTeamCountry "ESP"]
[BlackTeamCountry "ESP"]

1. e4 e6 2. d4 d5 3. Bd3 dxe4 4. Bxe4 Nf6 5. Bf3 Bd6 6. Ne2 Nc6 7. Nbc3 0-0 8. 0-0 e5 9. Bxc6 bxc6 10. dxe5 Bxe5 11. Bf4 Bd6 12. Qd3 Rb8 13. b3 Rb4 14. Rad1 Rxf4 15. Nxf4 Nd7 16. Nfe2 Ne5 17. Qd4 f5 18. Ng3 Qf6 19. Rfe1 c5 20. Qd2 Kh8 21. Nd5 Qh4 22. Nf1 c4 23. Qd4 Ng4 24. h3 c5 25. Qd2 Nh6 26. bxc4 f4 27. Nh2 Bxh3 28. gxh3 f3 29. Ne3 Rf6 30. Neg4 Qxh3 31. Re8+ Bf8 32. Ne3 Ng8 33. Qd7 Qh5 34. Rd5 Qh4 35. Nhg4 Rf4 36. Rf5 Rxg4+ 37. Nxg4 Qxg4+ 38. Kf1 Qxc4+ 39. Qd3 Qh4 40. Qxf3 Be7 41. Rxg8+ 1-0

[Event "Catalunya-chT GpA final"]
[Site "Barcelona"]
[Date "2017.03.11"]
[Round "1.8"]
[White "Avila Jimenez, Xavier"]
[Black "Leiro Giralt, Daniel"]
[Result "1-0"]
[WhiteElo "2177"]
[BlackElo "2173"]
[PlyCount "53"]
[EventDate "2017.03.11"]
[EventType "team-tourn"]
[EventRounds "11"]
[EventCountry "ESP"]
[SourceTitle "CBM 177 Extra"]
[Source "ChessBase"]
[SourceDate "2017.04.27"]
[SourceVersion "1"]
[SourceVersionDate "2017.04.27"]
[SourceQuality "1"]
[WhiteTeam "Barcelona Escola Escacs"]
[BlackTeam "Tres Peons"]
[WhiteTeamCountry "ESP"]
[BlackTeamCountry "ESP"]

1. d4 d5 2. c4 e6 3. Nc3 Be7 4. cxd5 exd5 5. Bf4 Nf6 6. e3 0-0 7. Bd3 c5 8. dxc5 Bxc5 9. Nge2 Nc6 10. 0-0 Bg4 11. h3 Bh5 12. Qb3 Nb4 13. Bf5 g6 14. Bb1 Bxe2 15. Nxe2 Ne4 16. a3 Nc6 17. Bxe4 dxe4 18. Qxb7 Qb6 19. Qxb6 Bxb6 20. Rac1 Rac8 21. Nc3 f5 22. Nd5 Kf7 23. Rfd1 Ne7 24. Nxb6 axb6 25. Rxc8 Rxc8 26. Rd7 Ke6 27. Rd6+ 1-0

[Event "Catalunya-chT Gp1"]
[Site "Barcelona"]
[Date "2017.02.18"]
[Round "5.6"]
[White "Ryan, Joseph"]
[Black "Leiro Giralt, Daniel"]
[Result "0-1"]
[WhiteElo "2258"]
[BlackElo "2173"]
[PlyCount "148"]
[EventDate "2017.01.21"]
[EventType "team-tourn"]
[EventRounds "7"]
[EventCountry "ESP"]
[SourceTitle "EXT 2018"]
[Source "ChessBase"]
[SourceDate "2017.10.13"]
[SourceVersion "1"]
[SourceVersionDate "2017.10.13"]
[SourceQuality "1"]
[WhiteTeam "Montcada"]
[BlackTeam "Tres Peons"]
[WhiteTeamCountry "ESP"]
[BlackTeamCountry "ESP"]

1. d4 d5 2. Bf4 Nf6 3. e3 c5 4. c3 Qb6 5. Qb3 c4 6. Qc2 g6 7. Nf3 Bf5 8. Qc1 Nc6 9. Nbd2 Nh5 10. Bg3 Nxg3 11. hxg3 Bg7 12. Be2 Qd8 13. Bd1 0-0 14. Bc2 Bxc2 15. Qxc2 b5 16. 0-0 a5 17. e4 e6 18. e5 b4 19. Rfe1 Qb6 20. Nf1 a4 21. a3 bxc3 22. bxc3 Qb3 23. Qd2 Rfb8 24. N1h2 Qb2 25. Qf4 Qxc3 26. Ng4 Qc2 27. Nh6+ Bxh6 28. Qxh6 Rb2 29. Rf1 Qf5 30. Ng5 Nxd4 31. f4 Ra7 32. Nxh7 Ne2+ 33. Kh2 Qh5+ 34. Qxh5 gxh5 35. Nf6+ Kf8 36. f5 Ke7 37. Ng8+ Kf8 38. Nf6 Ke7 39. Ng8+ Kd7 40. Nh6 Kc6 41. fxe6 fxe6 42. Rf6 Re7 43. Nf5 Re8 44. Ng7 Rg8 45. Rxe6+ Kc5 46. Nf5 Rg5 47. Rf6 c3 48. e6 c2 49. e7 Rb8 50. Rf8 Rg8 51. Rxg8 Rxg8 52. Ng7 c1Q 53. Rxc1+ Nxc1 54. Kg1 Kc4 55. e8Q Rxe8 56. Nxe8 d4 57. Kf2 Kc3 58. Nd6 d3 59. Ke3 Kc2 60. Nc4 Nb3 61. Kf4 d2 62. Ne3+ Kd3 63. Nd1 Nc5 64. g4 hxg4 65. Kxg4 Ne4 66. Kf4 Nc3 67. Nb2+ Kc2 68. Ke3 Nd5+ 69. Ke2 Nf4+ 70. Ke3 Nxg2+ 71. Ke2 Nf4+ 72. Ke3 Nd5+ 73. Ke2 Nc3+ 74. Ke3 Nd1+ 0-1

[Event "Catalunya-chT Gp1"]
[Site "Barcelona"]
[Date "2017.01.21"]
[Round "1.7"]
[White "Leiro Giralt, Daniel"]
[Black "Garcia Castellote, Daniel"]
[Result "1-0"]
[WhiteElo "2173"]
[BlackElo "2065"]
[PlyCount "77"]
[EventDate "2017.01.21"]
[EventType "team-tourn"]
[EventRounds "7"]
[EventCountry "ESP"]
[SourceTitle "CBM 176 Extra"]
[Source "ChessBase"]
[SourceDate "2017.03.02"]
[SourceVersion "1"]
[SourceVersionDate "2017.03.02"]
[SourceQuality "1"]
[WhiteTeam "Tres Peons"]
[BlackTeam "Peona I Peo"]
[WhiteTeamCountry "ESP"]
[BlackTeamCountry "ESP"]

1. e4 c5 2. Nc3 Nc6 3. Nge2 e5 4. Nd5 Nge7 5. Nec3 Nxd5 6. Nxd5 g6 7. Bc4 Bg7 8. d3 0-0 9. Be3 d6 10. Qd2 Na5 11. Bg5 Nxc4 12. Bxd8 Nxd2 13. Be7 Re8 14. Bxd6 Rd8 15. Be7 Rd7 16. Bxc5 Nxe4 17. dxe4 b6 18. Be3 Bb7 19. 0-0-0 Bxd5 20. Rxd5 Rxd5 21. exd5 Bf8 22. Kd2 b5 23. Rd1 a6 24. c3 f5 25. f3 Bd6 26. h3 h5 27. b3 Rc8 28. Rc1 Kf7 29. c4 bxc4 30. bxc4 Bc5 31. Bxc5 Rxc5 32. Kc3 Ra5 33. Kb3 Ke7 34. c5 Rb5+ 35. Kc4 Rb2 36. d6+ Ke6 37. Rd1 Rc2+ 38. Kb3 Rxc5 39. d7 1-0

[Event "Catalunya-chT Gp2 final"]
[Site "Barcelona"]
[Date "2016.04.02"]
[Round "2.1"]
[White "Leiro Giralt, Daniel"]
[Black "Monclus Domingo, Angel"]
[Result "1-0"]
[WhiteElo "2234"]
[BlackElo "2196"]
[PlyCount "63"]
[EventDate "2016.03.12"]
[EventType "team-tourn"]
[EventRounds "4"]
[EventCountry "ESP"]
[SourceTitle "CBM 171 Extra"]
[Source "ChessBase"]
[SourceDate "2016.04.26"]
[SourceVersion "1"]
[SourceVersionDate "2016.04.26"]
[SourceQuality "1"]
[WhiteTeam "Tres Peons"]
[BlackTeam "Barcelona Unio Graciencia"]
[WhiteTeamCountry "ESP"]
[BlackTeamCountry "ESP"]

1. e4 e6 2. d4 d5 3. Nc3 Bb4 4. exd5 exd5 5. Bd3 Nf6 6. a3 Be7 7. Nce2 0-0 8. Nf3 Ne4 9. Ng3 f5 10. 0-0 Nd7 11. c4 dxc4 12. Bxc4+ Kh8 13. Re1 Nd6 14. Ba2 Nf6 15. Ne5 c6 16. Nh5 Ng4 17. Nf4 Nxe5 18. dxe5 Ne4 19. Qf3 Qe8 20. Be3 g5 21. Nd3 g4 22. Qe2 Bg5 23. f3 gxf3 24. gxf3 Qg6 25. Kh1 Qh6 26. fxe4 f4 27. Bc5 f3 28. Bxf8 Qxf8 29. Qf2 Bh3 30. Rg1 Bg2+ 31. Rxg2 fxg2+ 32. Qxg2 1-0

[Event "Catalunya-chT Gp2"]
[Site "Barcelona"]
[Date "2016.01.23"]
[Round "1.2"]
[White "Leiro Giralt, Daniel"]
[Black "Bruned Segura, Mario"]
[Result "0-1"]
[WhiteElo "2234"]
[BlackElo "2124"]
[PlyCount "64"]
[EventDate "2016.01.23"]
[EventType "team-tourn"]
[EventRounds "7"]
[EventCountry "ESP"]
[SourceTitle "CBM 170 Extra"]
[Source "ChessBase"]
[SourceDate "2016.02.25"]
[SourceVersion "1"]
[SourceVersionDate "2016.02.25"]
[SourceQuality "1"]
[WhiteTeam "Tres Peons"]
[BlackTeam "Lleida"]
[WhiteTeamCountry "ESP"]
[BlackTeamCountry "ESP"]

1. e4 e5 2. Nf3 Nf6 3. Nxe5 d6 4. Nf3 Nxe4 5. Nc3 Nxc3 6. dxc3 Nc6 7. Bf4 Bg4 8. Be2 Qf6 9. Qd2 Be7 10. 0-0-0 0-0-0 11. Rhe1 Rhe8 12. h3 Bxf3 13. Bxf3 Ne5 14. Be2 Kb8 15. Be3 Qe6 16. b3 Qd7 17. Qd4 c5 18. Qd5 Qc6 19. f4 Qxd5 20. Rxd5 Bh4 21. Red1 Nc6 22. R5d3 Bg3 23. Kd2 Kc7 24. Bf3 Re7 25. Bd5 Rde8 26. Rf1 h5 27. Ke2 h4 28. Kf3 f6 29. Rfd1 g5 30. Bxc6 bxc6 31. c4 Rf8 32. Rxd6 Rxe3+ 0-1

[Event "Barcelona Primavera La Lira op 7th"]
[Site "Barcelona"]
[Date "2014.06.05"]
[Round "7"]
[White "Leiro Giralt, Daniel"]
[Black "De la Plaza Gras, Jordi"]
[Result "1/2-1/2"]
[WhiteElo "2225"]
[BlackElo "1973"]
[PlyCount "58"]
[EventDate "2014.04.03"]
[EventType "swiss"]
[EventRounds "9"]
[EventCountry "ESP"]
[SourceTitle "EXT 2015"]
[Source "ChessBase"]
[SourceDate "2014.11.20"]
[SourceVersion "1"]
[SourceVersionDate "2014.11.20"]
[SourceQuality "1"]

1. e4 c5 2. Nc3 Nc6 3. Nge2 g6 4. d4 cxd4 5. Nxd4 Bg7 6. Nde2 Nf6 7. g3 b5 8. Bg2 b4 9. Nd5 a5 10. a3 Ba6 11. Be3 0-0 12. axb4 Nxd5 13. exd5 Nxb4 14. Rb1 Rc8 15. c3 Nd3+ 16. Kf1 Rb8 17. Qd2 Qc7 18. Kg1 Rb3 19. Nd4 Bxd4 20. Bxd4 Rfb8 21. Qh6 f6 22. h4 Qd8 23. h5 Qf8 24. Qxf8+ Rxf8 25. hxg6 hxg6 26. Bf1 Bb5 27. f4 a4 28. Bxd3 Bxd3 29. Rd1 Bc4 1/2-1/2

[Event "Catalunya-chT"]
[Site "Catalunya"]
[Date "2014.04.05"]
[Round "11.3"]
[White "Garcia Paolicchi, Raul"]
[Black "Leiro Giralt, Daniel"]
[Result "1/2-1/2"]
[WhiteElo "2210"]
[BlackElo "2225"]
[PlyCount "56"]
[EventDate "2014.01.25"]
[EventType "team"]
[EventRounds "11"]
[EventCountry "ESP"]
[SourceTitle "EXT 2015"]
[Source "ChessBase"]
[SourceDate "2014.11.20"]
[SourceVersion "1"]
[SourceVersionDate "2014.11.20"]
[SourceQuality "1"]
[WhiteTeam "Andorra"]
[BlackTeam "Tres Peons"]
[WhiteTeamCountry "AND"]
[BlackTeamCountry "ESP"]

1. d4 d5 2. c4 e6 3. Nc3 Be7 4. cxd5 exd5 5. Bf4 c6 6. Qc2 g6 7. e3 Bf5 8. Bd3 Bxd3 9. Qxd3 Nf6 10. Nf3 0-0 11. 0-0 Re8 12. Rab1 a5 13. Qc2 Bd6 14. Bxd6 Qxd6 15. a3 Na6 16. h3 Qe7 17. b4 axb4 18. axb4 b5 19. Ne5 Rec8 20. Qb3 Nd7 21. Nxd7 Qxd7 22. Rfd1 Qe7 23. e4 dxe4 24. Re1 Qd6 25. Rxe4 Re8 26. Rxe8+ Rxe8 27. d5 Nxb4 28. dxc6 Nxc6 1/2-1/2